Kalkulačný systém a riadenie nákladov v konkrétnom podniku bakalárska práca

Gespeichert in:
Bibliographische Detailangaben
1. Verfasser: Marinčáková, Timea
Körperschaft: Podnikovohospodárska fakulta EU so sídlom v Košiciach. Katedra ekonómie
Weitere Verfasser: Freňáková, Magdaléna, 1981-
Format: Buch
Sprache:Slowakisch
Veröffentlicht: Košice 2023
Tags: Tag hinzufügen
Keine Tags, Fügen Sie das erste Tag hinzu!

MARC

LEADER 00000nbm a2200000 4500
001 0294402
005 20240827092442.1
041 0 |a slo 
044 |a SK 
245 1 0 |a Kalkulačný systém a riadenie nákladov v konkrétnom podniku  |b bakalárska práca  |c Timea Marinčáková ; školiteľ: Magdaléna Freňáková 
264 1 |a Košice  |c 2023 
300 |a 57 s. 
100 1 |a Marinčáková, Timea 
700 1 |a Freňáková, Magdaléna, 1981- 
710 2 |a Podnikovohospodárska fakulta EU so sídlom v Košiciach. Katedra ekonómie